Proyecto de investigación de yacimientos de combustibles minerales líquidos / (Record no. 72103)

MARC details
000 -LEADER
campo de control de longitud fija 00650nam a2200181 i 4500
001 - NÚMERO DE CONTROL
campo de control 72103
003 - IDENTIFICADOR DE NÚMERO DE CONTROL
campo de control ES-MaACL
005 - FECHA Y HORA DE LA ÚLTIMA TRANSACCIÓN
campo de control 20230906171326.0
007 - CAMPO FIJO DE DESCRIPCIÓN FÍSICA--INFORMACIÓN GENERAL
campo de control de longitud fija t|
008 - DATOS DE LONGITUD FIJA--INFORMACIÓN GENERAL
campo de control de longitud fija 040826s1926 sp ||||1| spa d
100 1# - ENTRADA PRINCIPAL--NOMBRE DE PERSONA
Nombre de persona Gil y Ruiz, Rodrigo.
9 (RLIN) 56901
245 10 - MENCIÓN DEL TÍTULO
Título Proyecto de investigación de yacimientos de combustibles minerales líquidos /
Mención de responsabilidad, etc. por Rodrigo Gil y Ruiz.
260 ## - PUBLICACIÓN, DISTRIBUCIÓN, ETC.
Lugar de publicación, distribución, etc. Madrid :
Nombre del editor, distribuidor, etc. [s.n.,
Fecha de publicación, distribución, etc. 1926] (
Fabricante Imp. de la Ciudad Lineal)
300 ## - DESCRIPCIÓN FÍSICA
Extensión 23 p. ;
Dimensiones 25 cm.
500 ## - NOTA GENERAL
Nota general Precede al tit.: Geos, Instituto Privado de Geofísica Práctica.
710 2# - ENTRADA AGREGADA--NOMBRE DE ENTIDAD CORPORATIVA
Nombre de entidad corporativa o nombre de jurisdicción como elemento de entrada Geos, Instituto Privado de Geofísica Práctica.
9 (RLIN) 4468
852 ## - LOCALIZACIÓN
Ubicación ES-MaACL
Número de control de estantería 1757-F-38
Holdings
Estatus retirado Estado de pérdida Estado de daño No para préstamo Colección Biblioteca de origen Biblioteca actual Ubicación en estantería Fecha de adquisición Fuente de adquisición Total de préstamos Signatura topográfica completa Código de barras Visto por última vez Precio de reemplazo Tipo de ítem Koha
        Colección de folletos Biblioteca del Ateneo de Madrid Biblioteca del Ateneo de Madrid Depósito folletos 17/01/2008     1757-F-38 1075485 23/02/2023 23/02/2023 Folleto